| 000 | 00626nam a2200169Ia 4500 | ||
|---|---|---|---|
| 003 | GCL | ||
| 008 | 140319s9999 xx 000 0 ara d | ||
| 040 |
_aGCL / _cGCL |
||
| 082 | 0 | 4 |
_a550 _bف ف |
| 100 | 1 | _aمحمد جمال الدين الفندى | |
| 245 | 1 | 0 |
_aمن الايات الكونية فى القران الكريم (هدية من الدكتور جمال الدين الفندى) / _cمحمد جمال الدين الفندى |
| 300 | _a96 ص | ||
| 490 |
_aدراسات فى الاسلام _v0 |
||
| 650 | 0 | 4 | _aالقران - تفسير |
| 650 | 0 | 4 | _aالقران - العلوم الكونية |
| 942 |
_2ddc _cBK |
||
| 999 |
_c46594 _d46594 |
||